00645nam a2200169Ia 4500008004100000020001800041082001500059100001600074245008100090260002300171300001500194650002900209700003600238952009200274952009200366999001700458120622s9999 xx 000 0 und d a140-05-002581 a428 A512wa aJones, Ceri aAmerican inside out : workbook : advanced / Ceri Jones with Russell Stannard aOxford : Macmillan a96 p. + CD a1.INGLÉS - ENSEÑANZA aI. Stannard, Russell, coaut.Ì 00104070a01b01d2007-06-01l0o428 A512WAp01 011030r2012-06-24t1w2012-06-24yLB 00104070a01b01d2007-06-01l0o428 A512WAp01 011031r2012-06-24t2w2012-06-24yLB c60345d60345